Statistics for Countries with missing vowels

Click here to take the quiz!

General Stats

  • This quiz has been taken 206 times
  • The average score is 9 of 15

Answer Stats

Without vowelsCountry name% Correct
CBCuba
89%
NPLNepal
85%
PRPeru
73%
SMLSomalia
68%
NDIndia
65%
RNIran
65%
LBNAlbania
58%
NDRRAndorra
58%
STRAustria
55%
TNSTunisia
55%
GNDUganda
52%
THPEthiopia
50%
RTREritrea
48%
NDNSIndonesia
43%
CDREcuador
38%

Score Distribution

Percentile by Number Answered

Percent of People with Each Score

Your Score History

You have not taken this quiz